00565nam a2200193Ia 450000500170000000800460001703700110006304000080007404000080008204000080009004100080009804100080010608400080011410000450012224501070016726000090027430000100028370000780029320260430150120.0008 250103s9999 xx 000 0 eng d aTheses aCRL beng ceng 2eng aeng qCRL aBhardwaj Sweta Au.; Tribhuwan Prasad Gu. 0aTrade, Commercial Networks and Indian Merchants in the Red Sea & Arabian sea During Pre-Colonial Times c2021 a208p. aUniversity of Delhi. Faculty of Social Science. Deptt. of African Studies